County Seats of Pennsylvania - Statistics

General Stats
  • This quiz has been taken 55 times
  • The average score is 32 of 67
Answer Stats
Hint Answer % Correct
Allegheny Pittsburgh
91%
Erie Erie
82%
Dauphin Harrisburg
82%
Lancaster Lancaster
82%
Philadelphia Philadelphia
82%
Lehigh Allentown
77%
Berks Reading
77%
Lackawanna Scranton
77%
Washington Washington
77%
Butler Butler
73%
Lebanon Lebanon
73%
Luzerne Wilkes Barre
73%
Beaver Beaver
68%
Bedford Bedford
68%
Clarion Clarion
68%
Clearfield Clearfield
68%
Adams Gettysburg
68%
Warren Warren
68%
Chester West Chester
68%
York York
68%
Franklin Chambersburg
59%
Huntingdon Huntingdon
59%
Indiana Indiana
59%
Somerset Somerset
59%
Lycoming Williamsport
59%
Cumberland Carlisle
55%
Bucks Doylestown
55%
Fayette Uniontown
55%
Northampton Easton
50%
Blair Hollidaysburg
50%
Centre Bellefonte
45%
Venango Franklin
45%
Crawford Meadville
45%
Lawrence New Castle
45%
Montgomery Norristown
45%
Cambria Ebensburg
41%
Mifflin Lewistown
41%
Schuylkill Pottsville
41%
Monroe Stroudsburg
41%
Columbia Bloomsburg
36%
Cameron Emporium
36%
Westmoreland Greensburg
36%
Armstrong Kittanning
36%
Clinton Lockhaven
36%
Delaware Media
36%
Mercer Mercer
36%
Northumberland Sunbury
36%
Potter Coudersport
32%
Carbon Jim Thorpe
32%
Juniata Mifflintown
32%
Elk Ridgway
32%
Bradford Towanda
32%
Greene Waynesburg
32%
Tioga Wellsboro
32%
Union Lewisburg
27%
Snyder Middleburg
27%
Forest Tionesta
27%
Montour Danville
23%
Sullivan Laporte
23%
Fulton McConnellsburg
23%
McKean Smethport
23%
Wyoming Tunkhannock
23%
Wayne Honesdale
18%
Pike Milford
18%
Jefferson Brookville
14%
Susquehanna Montrose
14%
Perry New Bloomfield
9%
No matching quizzes found
Score Distribution
Percent of People with Each Score
Percentile by Number Answered
Your Score History
You have not taken this quiz